Röntgen maľby

Bibliographic Details
Main Author: Moza, Ľuboslav, 1952- (Author)
Format: Article
Language:Slovak
Subjects:

MARC

LEADER 00000nab a2200000 a 4500
001 vtls000308907
003 SK-MaSNL
005 20260303182028.0
008 160215c1988 xo 0 slo
015 |a SNBRB19rr/mm-uuuuu 
035 |a CL0319028 
040 |a SNKBUCL  |b slo  |c SNKBUCL  |e AACR2 
041 0 |a slo 
044 |a xo  |c SK 
080 |a 75.071.1:061.4  |2 1981 
080 |a 061.4  |2 1981 
080 |a 929 Ilavský, Svetozár  |2 1981 
100 1 |a Moza, Ľuboslav,  |d 1952-  |4 aut  |9 227470 
245 1 0 |a Röntgen maľby  |c Ľuboslav Moza ; Svetozár Ilavský 
600 1 7 |a Ilavský, Svetozár,  |d 1958-  |2 snkbucl  |9 213501 
650 0 7 |a Galéria mladých SFVU, Bratislava  |2 snkbucl  |9 1029964 
651 7 |a 5100  |2 snkbucl  |9 166206 
655 7 |a články z novín a časopisov  |2 snkbucl  |9 267496 
773 0 |t Večerník  |g Roč. 33, č. 56 (21. 3. 1988), s. 5 
850 |a Slovenská národná knižnica v Martine  |a MTA001 
852 |a SNK  |b KIS3GCP 
958 |a BX 
958 |a RK 
992 |a RBX 
999 |c 2115331  |d 2117261